<?xml version="1.0" encoding="UTF-8"?>
<record
    xmlns:xsi="http://www.w3.org/2001/XMLSchema-instance"
    xsi:schemaLocation="http://www.loc.gov/MARC21/slim http://www.loc.gov/standards/marcxml/schema/MARC21slim.xsd"
    xmlns="http://www.loc.gov/MARC21/slim">

  <leader>01087nam a2200229 i 4500</leader>
  <controlfield tag="001">35691</controlfield>
  <controlfield tag="003">ES-MaACL</controlfield>
  <controlfield tag="005">20251007173452.0</controlfield>
  <controlfield tag="007">t|</controlfield>
  <controlfield tag="008">160802s1910    fr           ||||1| fre d</controlfield>
  <datafield tag="100" ind1="1" ind2=" ">
    <subfield code="a">Herbert, Claude-Jacques, </subfield>
    <subfield code="d">1700-1758</subfield>
    <subfield code="9">160280</subfield>
  </datafield>
  <datafield tag="245" ind1="1" ind2="0">
    <subfield code="a">Essai sur la police g&#xE9;n&#xE9;rale des grains, sur leurs prix et sur les effets de l'agriculture, 1755 / </subfield>
    <subfield code="c">Cl.-J. Herbert. Et Suppl&#xE9;ment &#xE0; l'Essai sur la police g&#xE9;n&#xE9;rale des grains / par J. G.. Montaudouin de la Touche, 1757 ; publi&#xE9;s avec introduction et table analytique par Edgard Depitre,...</subfield>
  </datafield>
  <datafield tag="260" ind1=" " ind2=" ">
    <subfield code="a">Paris : </subfield>
    <subfield code="b">G. Geuthner, </subfield>
    <subfield code="c">1910.</subfield>
  </datafield>
  <datafield tag="300" ind1=" " ind2=" ">
    <subfield code="a">XLIII-VII, 166 p. : </subfield>
    <subfield code="b">facs&#xED;miles ; </subfield>
    <subfield code="c">23 cm.</subfield>
  </datafield>
  <datafield tag="490" ind1="1" ind2=" ">
    <subfield code="a">Collection des &#xE9;conomistes et des r&#xE9;formateurs sociaux de la France</subfield>
  </datafield>
  <datafield tag="650" ind1=" " ind2="4">
    <subfield code="a">Cereales-</subfield>
    <subfield code="x">Comercio.</subfield>
    <subfield code="9">135751</subfield>
  </datafield>
  <datafield tag="700" ind1="1" ind2=" ">
    <subfield code="a">Montaudouin de La Touche, Jean-Gabriel, </subfield>
    <subfield code="d">1722-1780</subfield>
    <subfield code="9">160281</subfield>
  </datafield>
  <datafield tag="700" ind1="0" ind2=" ">
    <subfield code="a">Depitre, Edgar.</subfield>
    <subfield code="9">43753</subfield>
  </datafield>
  <datafield tag="830" ind1="0" ind2="0">
    <subfield code="a">Collection des &#xE9;conomistes et des r&#xE9;formateurs sociaux de la France</subfield>
    <subfield code="9">181595</subfield>
  </datafield>
  <datafield tag="852" ind1=" " ind2=" ">
    <subfield code="a">ES-MaACL</subfield>
    <subfield code="j">G-5161</subfield>
  </datafield>
  <datafield tag="999" ind1=" " ind2=" ">
    <subfield code="c">35691</subfield>
    <subfield code="d">35691</subfield>
  </datafield>
  <datafield tag="952" ind1=" " ind2=" ">
    <subfield code="0">0</subfield>
    <subfield code="1">0</subfield>
    <subfield code="4">0</subfield>
    <subfield code="7">0</subfield>
    <subfield code="a">ATENEOM</subfield>
    <subfield code="b">ATENEOM</subfield>
    <subfield code="c">DEPO2</subfield>
    <subfield code="d">2016-08-02</subfield>
    <subfield code="e">SC</subfield>
    <subfield code="l">0</subfield>
    <subfield code="o">G-5161</subfield>
    <subfield code="p">1195713</subfield>
    <subfield code="r">2023-02-23 00:00:00</subfield>
    <subfield code="w">2023-02-23</subfield>
    <subfield code="y">MONOGRAFIA</subfield>
  </datafield>
</record>
